000 00504nam a2200205Ia 4500
005 20240823031549.0
008 240823s9999||||xx |||||||||||||| ||und||
020 _a81-265-1050-1
041 _aENGLISH
082 _A547 P6
100 _a"Solomons, Graham T W"
245 0 _aOrganic Chemistry
250 _a8th
260 _c2006
_bWiley India Pv
_aNew Delhi
500 _aTRANSFERED
650 _aorganic chemistry
_bChemistry
700 _a" Fryhle, Craig B"
942 _cBK
999 _c191377
_d191377